Khakassia Quiz - Statistics

General Stats
  • This quiz has been taken 7 times
  • The average score is 9 of 15
Answer Stats
Hint Answer % Correct
Russian Republics Khakassia Borders Altai
83%
Largest Ethnic Groups Khakas
83%
Official Languages Khakas
83%
Largest Religion Orthodox
83%
Largest Ethnic Groups Russian
83%
Official Languages Russian
83%
Capital City Abakan
67%
Russian Krai Khakassia Borders Krasnoyarsk
67%
Russian Republics Khakassia Borders Tuva
67%
Time Zone UTC {+7}
67%
Federal District it's located it Siberian
50%
Khakassia is the only Russian Republicto be lead by this party Communist
33%
Economic Region it's located it East Siberian
33%
Khakassia's ISO 3166 code RU-KK
33%
Largest Ethnic Groups German
17%
No matching quizzes found
Score Distribution
Percent of People with Each Score
Percentile by Number Answered
Your Score History
You have not taken this quiz